Manejo de los alimentos

Kaydedildi:
Detaylı Bibliyografya
Asıl Yazarlar: Jamieson, Michael (Yazar), Jobber, Peter (Yazar)
Materyal Türü: Kitap
Dil:İspanyolca
Baskı/Yayın Bilgisi: Ciudad de México Pax-México 1975
Konular:
Etiketler: Etiketle
Etiket eklenmemiş, İlk siz ekleyin!

MARC

LEADER 00000nam a2200000 a 4500
001 UCR6735
003 CL-VaPUC
008 980423e19750000MX |||||||||||||||||spa|d
082 0 4 |a 641.4  |b JAM  |2 21 
100 0 |a Jamieson, Michael  |e author  |9 407766 
700 0 |a Jobber, Peter  |e author  |9 407767 
245 1 0 |a Manejo de los alimentos 
300 |a 3 v 
942 |c BK 
945 |d 19980423 00:00:00  |a crobeson 
260 |a Ciudad de México  |b Pax-México  |c 1975 
500 |a v.1: Ecología de almacenamiento. Bases biológicas: plagas de insectos y ácaros, microorganismos, roedores. Aspectos físicos y químicos: efectos del clima, relación entre humedad y temperatura 
500 |a v.2: Técnicas de conservación: elaboración, envasado y empaque, almacenamiento, deterioros, principios de nutrición 
500 |a v.3: Prevención de pérdidas: construcciones, administración, muestreo e inspección de productos, climificación y fumigación 
650 0 |a Alimentos  |9 256203 
650 0 |a Conservación de los alimentos  |9 259337 
650 0 |a Microbiología alimentaria  |9 259564 
650 0 |a Roedores  |9 399943 
650 0 |a Almacenamiento  |9 341876 
650 0 |a Control de calidad   |9 259714 
583 |a last modification  |c 19980423 00:00:00  |k Rodrigo Vera 
999 |c 268651  |d 268649 
952 |0 0  |1 0  |4 0  |6 641_400000000000000_JAM_1975  |7 0  |8 A  |9 301870  |a BIBALI  |b BIBALI  |d 2019-11-20  |h v.1  |i 1981978  |o 641.4 JAM 1975  |p 1981978  |r 2025-01-20  |w 2019-11-20  |y BK  |k ALI 
952 |0 0  |1 0  |4 0  |6 641_400000000000000_JAM_1975  |7 0  |8 A  |9 301871  |a BIBALI  |b BIBALI  |d 2019-11-20  |h v.1  |i 1981986  |o 641.4 JAM 1975  |p 1981986  |r 2025-01-20  |w 2019-11-20  |y BK  |k ALI 
952 |0 0  |1 0  |4 0  |6 641_400000000000000_JAM_1975  |7 0  |8 A  |9 301872  |a BIBALI  |b BIBALI  |d 2019-11-20  |h v.2  |i 1981994  |o 641.4 JAM 1975  |p 1981994  |r 2025-01-20  |w 2019-11-20  |y BK  |k ALI 
952 |0 0  |1 0  |4 0  |6 641_400000000000000_JAM_1975  |7 0  |8 A  |9 301873  |a BIBALI  |b BIBALI  |d 2019-11-20  |h v.3  |i 1981951  |o 641.4 JAM 1975  |p 1981951  |r 2025-01-20  |w 2019-11-20  |y BK  |k ALI